000 00678nam a2200241 i 4500
001 7240
003 ES-MaACL
005 20230906145206.0
007 t|
008 901112s1990 sp ||||1| spa d
020 _a84-270-1314-0
080 _a893.1-31"19"
080 _a893.1(Mahfuz,N.7 H.03=6)
100 1 _aMahfuz, Naguib.
_975531
245 1 0 _aHijos de nuestro barrio /
_cNaguib Mahfuz.
250 _a3a ed.
260 _aBarcelona :
_bAlcor,
_c1990.
300 _a489 p. ;
_c22 cm.
490 1 _aColeccion "Las otras culturas"
830 0 _aColeccion "Las otras culturas"
_9177841
852 _aES-MaACL
_jL-14529
_bR.118352
_z. - rust.
999 _c7240
_d7240